The history of the calculus and its conceptual development (the concepts of the calculus) (Record no. 2010)
[ view plain ]
| 000 -LEADER | |
|---|---|
| fixed length control field | 00652nam a2200193Ia 4500 |
| 003 - CONTROL NUMBER IDENTIFIER | |
| control field | IN-BaIIA |
| 008 - FIXED-LENGTH DATA ELEMENTS--GENERAL INFORMATION | |
| fixed length control field | 211028s9999 xx 000 0 eng d |
| 040 ## - CATALOGING SOURCE | |
| Transcribing agency | IIA Library |
| 080 ## - UNIVERSAL DECIMAL CLASSIFICATION NUMBER | |
| Universal Decimal Classification number | 52(091) |
| Item number | BOY |
| 100 ## - MAIN ENTRY--PERSONAL NAME | |
| Personal name | Boyer, Carl B. |
| 9 (RLIN) | 3791 |
| 245 #4 - TITLE STATEMENT | |
| Title | The history of the calculus and its conceptual development (the concepts of the calculus) |
| Statement of responsibility, etc. | Carl B. Boyer |
| 260 ## - PUBLICATION, DISTRIBUTION, ETC. | |
| Place of publication, distribution, etc. | New York |
| Name of publisher, distributor, etc. | Dover Publications |
| Date of publication, distribution, etc. | 1949 |
| 300 ## - PHYSICAL DESCRIPTION | |
| Extent | 346p. |
| 490 ## - SERIES STATEMENT | |
| Series statement | Dover books on science |
| 650 ## - SUBJECT ADDED ENTRY--TOPICAL TERM | |
| Topical term or geographic name entry element | Astronomy and astrophysics thesaurus |
| 650 ## - SUBJECT ADDED ENTRY--TOPICAL TERM | |
| Topical term or geographic name entry element | Calculus |
| 9 (RLIN) | 1611 |
| 650 ## - SUBJECT ADDED ENTRY--TOPICAL TERM | |
| Topical term or geographic name entry element | Mathematical applications |
| 9 (RLIN) | 3792 |
| 942 ## - ADDED ENTRY ELEMENTS (KOHA) | |
| Koha item type | Books |
| Withdrawn status | Lost status | Damaged status | Not for loan | Home library | Current library | Shelving location | Date acquired | Cost, normal purchase price | Total Checkouts | Full call number | Barcode | Date last seen | Cost, replacement price | Price effective from | Koha item type | Purchase Price |
|---|---|---|---|---|---|---|---|---|---|---|---|---|---|---|---|---|
| IIA Library-Bangalore | IIA Library-Bangalore | General Stacks | 9.00 | 52(091)/ BOY | 2254 | 05/11/2021 | 9.00 | Books | Rs. 9.00 |